[Event "PK Jeugd 2020 B"]
[Site "Eindhoven, Netherlands"]
[Date "????.??.??"]
[Round "2.2"]
[White "Grooten, Tommy"]
[Black "Kumar, Prajit Sai"]
[Result "1-0"]
[WhiteElo "1734"]
[BlackElo "1627"]

1. e4 {[%clk 00:55:19]} c5 {[%clk 00:55:14]} {[%emt 00:00:06]} 2. Nf3 {[%clk
00:55:25]} {[%emt 00:00:04]} d6 {[%clk 00:55:17]} {[%emt 00:00:07]} 3. d4
{[%clk 00:55:32]} {[%emt 00:00:04]} cxd4 {[%clk 00:55:23]} {[%emt 00:00:05]} 4.
Nxd4 {[%clk 00:55:33]} {[%emt 00:00:08]} Nf6 {[%clk 00:55:28]} {[%emt
00:00:04]} 5. Nc3 {[%clk 00:55:38]} {[%emt 00:00:05]} a6 {[%clk 00:55:34]}
{[%emt 00:00:04]} 6. Be3 {[%clk 00:55:39]} {[%emt 00:00:09]} e5 {[%clk
00:55:35]} {[%emt 00:00:09]} 7. Nb3 {[%clk 00:55:40]} {[%emt 00:00:09]} Be7
{[%clk 00:55:36]} {[%emt 00:00:09]} 8. f3 {[%clk 00:55:42]} {[%emt 00:00:09]}
Be6 {[%clk 00:54:38]} {[%emt 00:01:08]} 9. Qd2 {[%clk 00:55:41]} {[%emt
00:00:10]} Nbd7 {[%clk 00:53:39]} {[%emt 00:01:09]} 10. O-O-O {[%clk 00:55:40]}
{[%emt 00:00:11]} Rc8 {[%clk 00:52:18]} {[%emt 00:01:31]} 11. g4 {[%clk
00:55:39]} {[%emt 00:00:11]} h6 {[%clk 00:49:58]} {[%emt 00:02:31]} 12. h4
{[%clk 00:55:21]} {[%emt 00:00:27]} Nc5 {[%clk 00:41:02]} {[%emt 00:09:06]} 13.
Qf2 {[%clk 00:53:41]} {[%emt 00:01:50]} Nxb3+ {[%clk 00:38:42]} {[%emt
00:02:30]} 14. axb3 {[%clk 00:53:42]} {[%emt 00:00:08]} Qa5 {[%clk 00:37:39]}
{[%emt 00:01:13]} 15. Kb1 {[%clk 00:53:31]} {[%emt 00:00:21]} g6 {[%clk
00:33:10]} {[%emt 00:04:39]} 16. Bb6 {[%clk 00:53:34]} {[%emt 00:00:08]} Qb4
{[%clk 00:33:01]} {[%emt 00:00:15]} 17. Na2 {[%clk 00:53:37]} {[%emt 00:00:10]}
Nxe4 {[%clk 00:29:11]} {[%emt 00:04:00]} 18. fxe4 {[%clk 00:52:28]} {[%emt
00:01:20]} Qxe4 {[%clk 00:29:12]} {[%emt 00:00:09]} 19. Bg2 {[%clk 00:52:29]}
{[%emt 00:00:08]} Qxg4 {[%clk 00:28:16]} {[%emt 00:01:05]} 20. Bxb7 {[%clk
00:52:25]} {[%emt 00:00:14]} Rb8 {[%clk 00:26:30]} {[%emt 00:01:56]} 21. Bxa6
{[%clk 00:51:12]} {[%emt 00:01:23]} O-O {[%clk 00:25:09]} {[%emt 00:01:31]} 22.
Be2 {[%clk 00:50:53]} {[%emt 00:00:28]} Qe4 {[%clk 00:24:15]} {[%emt 00:01:03]}
23. Bd3 {[%clk 00:50:51]} {[%emt 00:00:14]} Qc6 {[%clk 00:23:45]} {[%emt
00:00:39]} 24. Be3 {[%clk 00:50:36]} {[%emt 00:00:25]} h5 {[%clk 00:23:26]}
{[%emt 00:00:29]} 25. Nc3 {[%clk 00:48:38]} {[%emt 00:02:09]} d5 {[%clk
00:21:28]} {[%emt 00:02:08]} 26. Qg2 {[%clk 00:48:01]} {[%emt 00:00:47]} Rfc8
{[%clk 00:20:30]} {[%emt 00:01:09]} 27. Bxg6 {[%clk 00:47:26]} {[%emt
00:00:46]} d4 {[%clk 00:19:22]} {[%emt 00:01:17]} 28. Be4+ {[%clk 00:47:29]}
{[%emt 00:00:07]} 1-0

[Event "PK Jeugd 2020 B"]
[Site "Eindhoven, Netherlands"]
[Date "????.??.??"]
[Round "2.3"]
[White "Boghossian, Wahe"]
[Black "Dumont, Ties"]
[Result "1-0"]
[WhiteElo "1769"]
[BlackElo "1613"]

1. e4 {[%clk 00:55:19]} c5 {[%clk 00:55:16]} {[%emt 00:00:05]} 2. Nf3 {[%clk
00:55:25]} {[%emt 00:00:03]} Nc6 {[%clk 00:55:24]} {[%emt 00:00:03]} 3. d4
{[%clk 00:55:31]} {[%emt 00:00:04]} cxd4 {[%clk 00:55:13]} {[%emt 00:00:20]} 4.
Nxd4 {[%clk 00:55:36]} {[%emt 00:00:05]} Nf6 {[%clk 00:54:59]} {[%emt
00:00:25]} 5. Nc3 {[%clk 00:55:40]} {[%emt 00:00:05]} Qb6 {[%clk 00:54:20]}
{[%emt 00:00:49]} 6. Nb3 {[%clk 00:54:35]} {[%emt 00:01:13]} e5 {[%clk
00:53:35]} {[%emt 00:00:57]} 7. Be3 {[%clk 00:54:27]} {[%emt 00:00:17]} Qd8
{[%clk 00:51:57]} {[%emt 00:01:49]} 8. Qd2 {[%clk 00:53:32]} {[%emt 00:01:04]}
Bb4 {[%clk 00:51:43]} {[%emt 00:00:25]} 9. f3 {[%clk 00:53:12]} {[%emt
00:00:30]} d5 {[%clk 00:51:05]} {[%emt 00:00:48]} 10. exd5 {[%clk 00:43:28]}
{[%emt 00:09:54]} Nxd5 {[%clk 00:51:02]} {[%emt 00:00:14]} 11. O-O-O {[%clk
00:35:09]} {[%emt 00:08:28]} Nxc3 {[%clk 00:45:08]} {[%emt 00:06:04]} 12. bxc3
{[%clk 00:33:34]} {[%emt 00:01:46]} Qxd2+ {[%clk 00:44:21]} {[%emt 00:00:57]}
13. Bxd2 {[%clk 00:33:32]} {[%emt 00:00:12]} Ba3+ {[%clk 00:44:25]} {[%emt
00:00:06]} 14. Kb1 {[%clk 00:33:37]} {[%emt 00:00:04]} O-O {[%clk 00:43:49]}
{[%emt 00:00:46]} 15. Bd3 {[%clk 00:31:33]} {[%emt 00:02:14]} a5 {[%clk
00:38:24]} {[%emt 00:05:35]} 16. Rhe1 {[%clk 00:29:00]} {[%emt 00:02:43]} a4
{[%clk 00:37:56]} {[%emt 00:00:39]} 17. Nc1 {[%clk 00:28:07]} {[%emt 00:01:02]}
f6 {[%clk 00:35:14]} {[%emt 00:02:52]} 18. Bb5 {[%clk 00:24:36]} {[%emt
00:03:39]} Ne7 {[%clk 00:30:00]} {[%emt 00:05:25]} 19. Re4 {[%clk 00:22:06]}
{[%emt 00:02:40]} Kh8 {[%clk 00:20:47]} {[%emt 00:09:23]} 20. Rxa4 {[%clk
00:19:59]} {[%emt 00:02:17]} Be6 {[%clk 00:19:53]} {[%emt 00:01:05]} 21. Rxa8
{[%clk 00:19:05]} {[%emt 00:01:04]} Rxa8 {[%clk 00:19:56]} {[%emt 00:00:07]} 22.
Nb3 {[%clk 00:18:57]} {[%emt 00:00:18]} Nd5 {[%clk 00:18:22]} {[%emt 00:01:45]}
23. c4 {[%clk 00:15:45]} {[%emt 00:03:20]} Nb6 {[%clk 00:17:42]} {[%emt
00:00:51]} 24. c5 {[%clk 00:14:39]} {[%emt 00:01:16]} Bxb3 {[%clk 00:16:12]}
{[%emt 00:01:40]} 25. cxb6 {[%clk 00:10:45]} {[%emt 00:04:04]} Be6 {[%clk
00:15:54]} {[%emt 00:00:28]} 26. Be3 {[%clk 00:10:15]} {[%emt 00:00:40]} Bb4
{[%clk 00:15:29]} {[%emt 00:00:35]} 27. a4 {[%clk 00:09:52]} {[%emt 00:00:32]}
Rc8 {[%clk 00:13:31]} {[%emt 00:02:09]} 28. Rd3 {[%clk 00:05:23]} {[%emt
00:04:40]} Bf5 {[%clk 00:13:14]} {[%emt 00:00:27]} 29. Bd7 {[%clk 00:05:26]}
{[%emt 00:00:06]} Bxd3 {[%clk 00:10:50]} {[%emt 00:02:34]} 30. Bxc8 {[%clk
00:05:29]} {[%emt 00:00:07]} Ba6 {[%clk 00:09:00]} {[%emt 00:02:01]} 31. Be6
{[%clk 00:05:23]} {[%emt 00:00:15]} g5 {[%clk 00:07:56]} {[%emt 00:01:15]} 32.
c4 {[%clk 00:04:33]} {[%emt 00:01:00]} Kg7 {[%clk 00:07:10]} {[%emt 00:00:56]}
33. c5 {[%clk 00:04:17]} {[%emt 00:00:25]} Kf8 {[%clk 00:04:02]} {[%emt
00:03:18]} 34. Bc8 {[%clk 00:02:49]} {[%emt 00:01:38]} Ke8 {[%clk 00:01:47]}
{[%emt 00:02:26]} 35. Kb2 {[%clk 00:01:42]} {[%emt 00:01:17]} Kd8 {[%clk
00:01:47]} {[%emt 00:00:10]} 36. Bf5 {[%clk 00:01:37]} {[%emt 00:00:15]} h6
{[%clk 00:01:16]} {[%emt 00:00:41]} 37. Be4 {[%clk 00:01:10]} {[%emt 00:00:37]}
Kc8 {[%clk 00:00:50]} {[%emt 00:00:37]} 38. Kb3 {[%clk 00:01:05]} {[%emt
00:00:15]} Ba5 {[%clk 00:00:39]} {[%emt 00:00:21]} 39. Bd5 {[%clk 00:00:49]}
{[%emt 00:00:24]} Bf1 {[%clk 00:00:26]} {[%emt 00:00:25]} 40. g4 {[%clk
00:00:37]} {[%emt 00:00:22]} Be2 {[%clk 00:00:29]} {[%emt 00:00:07]} 41. Be4
{[%clk 00:00:13]} {[%emt 00:00:34]} Be1 {[%clk 00:00:20]} {[%emt 00:12:02]} 42.
Kc2 {[%clk 00:00:13]} Bb4 {[%clk 00:00:21]} 43. Kb3 {[%clk 00:00:14]} Ba5
{[%clk 00:00:19]} 44. Bf5+ {[%clk 00:00:13]} Kb8 {[%clk 00:00:19]} 45. Be4
{[%clk 00:00:20]} Kc8 {[%clk 00:00:22]} 46. Bf2 {[%clk 00:00:15]} Bd2 {[%clk
00:00:23]} 47. h4 gxh4 {[%clk 00:00:18]} 48. Bxh4 {[%clk 00:00:20]} Bg5 {[%clk
00:00:23]} 49. Bxg5 {[%clk 00:00:19]} hxg5 {[%clk 00:00:29]} 50. Kb4 {[%clk
00:00:20]} Kb8 {[%clk 00:00:22]} 51. c6 {[%clk 00:00:14]} bxc6 52. Bxc6 {[%clk
00:00:20]} Ba6 {[%clk 00:00:25]} 53. a5 {[%clk 00:00:25]} Bc8 {[%clk 00:00:16]}
54. Kb5 {[%clk 00:00:17]} Be6 {[%clk 00:00:11]} 55. a6 {[%clk 00:00:19]} 1-0

[Event "PK Jeugd 2020 B"]
[Site "Eindhoven, Netherlands"]
[Date "????.??.??"]
[Round "2.4"]
[White "Shadrin, Mitia"]
[Black "Hooijmans, Max"]
[Result "1-0"]
[WhiteElo "1730"]
[BlackElo "1535"]

1. e4 {[%clk 00:55:18]} e5 {[%clk 00:55:18]} {[%emt 00:00:03]} 2. Nf3 {[%clk
00:55:23]} {[%emt 00:00:06]} Nc6 {[%clk 00:55:23]} {[%emt 00:00:04]} 3. d4
{[%clk 00:55:29]} {[%emt 00:00:03]} exd4 {[%clk 00:55:16]} {[%emt 00:00:17]} 4.
Nxd4 {[%clk 00:55:35]} {[%emt 00:00:05]} Bc5 {[%clk 00:54:55]} {[%emt
00:00:31]} 5. Be3 {[%clk 00:55:41]} {[%emt 00:00:05]} Bxd4 {[%clk 00:54:04]}
{[%emt 00:01:01]} 6. Bxd4 {[%clk 00:55:43]} {[%emt 00:00:08]} Nxd4 {[%clk
00:54:06]} {[%emt 00:00:07]} 7. Qxd4 {[%clk 00:55:48]} {[%emt 00:00:04]} Qf6
{[%clk 00:53:45]} {[%emt 00:00:31]} 8. e5 {[%clk 00:55:52]} {[%emt 00:00:06]}
Qb6 {[%clk 00:53:15]} {[%emt 00:00:40]} 9. Qxb6 {[%clk 00:55:56]} {[%emt
00:00:06]} axb6 {[%clk 00:53:18]} {[%emt 00:00:08]} 10. Nc3 {[%clk 00:55:58]}
{[%emt 00:00:08]} Ra5 {[%clk 00:51:20]} {[%emt 00:02:08]} 11. f4 {[%clk
00:54:11]} {[%emt 00:01:53]} Ne7 {[%clk 00:51:02]} {[%emt 00:00:31]} 12. O-O-O
{[%clk 00:42:58]} {[%emt 00:11:23]} O-O {[%clk 00:50:32]} {[%emt 00:00:40]} 13.
Bc4 {[%clk 00:41:08]} {[%emt 00:01:53]} Nf5 {[%clk 00:48:36]} {[%emt 00:02:12]}
14. Rd3 {[%clk 00:36:43]} {[%emt 00:04:25]} c6 {[%clk 00:41:47]} {[%emt
00:07:11]} 15. g4 {[%clk 00:33:37]} {[%emt 00:03:14]} Ne7 {[%clk 00:40:57]}
{[%emt 00:01:01]} 16. b4 {[%clk 00:29:01]} {[%emt 00:04:44]} Ra7 {[%clk
00:39:22]} {[%emt 00:01:47]} 17. f5 {[%clk 00:28:57]} {[%emt 00:00:12]} b5
{[%clk 00:38:43]} {[%emt 00:00:50]} 18. Bb3 {[%clk 00:28:48]} {[%emt 00:00:18]}
b6 {[%clk 00:38:13]} {[%emt 00:00:43]} 19. Rhd1 {[%clk 00:25:24]} {[%emt
00:03:27]} h6 {[%clk 00:36:14]} {[%emt 00:02:15]} 20. h4 {[%clk 00:25:08]}
{[%emt 00:00:24]} Kh7 {[%clk 00:35:01]} {[%emt 00:01:25]} 21. h5 {[%clk
00:24:27]} {[%emt 00:00:48]} f6 {[%clk 00:32:12]} {[%emt 00:03:02]} 22. exf6
{[%clk 00:22:10]} {[%emt 00:02:27]} Rxf6 {[%clk 00:32:04]} {[%emt 00:00:18]} 23.
Ne4 {[%clk 00:22:01]} {[%emt 00:00:16]} Rf8 {[%clk 00:31:10]} {[%emt 00:01:07]}
24. Nd6 {[%clk 00:21:12]} {[%emt 00:00:57]} Ng8 {[%clk 00:30:44]} {[%emt
00:00:39]} 25. Bxg8+ {[%clk 00:19:38]} {[%emt 00:01:43]} Kxg8 {[%clk 00:30:32]}
{[%emt 00:00:22]} 26. Re1 {[%clk 00:19:11]} {[%emt 00:00:37]} Rxa2 {[%clk
00:30:07]} {[%emt 00:00:35]} 27. Rde3 {[%clk 00:18:27]} {[%emt 00:00:40]} Ra1+
{[%clk 00:29:34]} {[%emt 00:00:58]} 28. Kd2 {[%clk 00:18:29]} {[%emt 00:00:08]}
Rxe1 {[%clk 00:29:32]} {[%emt 00:00:12]} 29. Rxe1 {[%clk 00:18:34]} {[%emt
00:00:04]} c5 {[%clk 00:28:17]} {[%emt 00:01:25]} 30. bxc5 {[%clk 00:18:15]}
{[%emt 00:00:30]} bxc5 {[%clk 00:28:06]} {[%emt 00:00:22]} 31. Nxb5 {[%clk
00:18:11]} {[%emt 00:00:10]} d5 {[%clk 00:27:21]} {[%emt 00:00:58]} 32. Re7
{[%clk 00:16:33]} {[%emt 00:01:39]} Ba6 {[%clk 00:25:12]} {[%emt 00:02:28]} 33.
Nc7 {[%clk 00:15:44]} {[%emt 00:00:56]} Bf1 {[%clk 00:23:37]} {[%emt 00:01:47]}
34. Ne6 {[%clk 00:14:19]} {[%emt 00:01:29]} Rc8 {[%clk 00:22:48]} {[%emt
00:01:06]} 35. Rxg7+ {[%clk 00:14:04]} {[%emt 00:00:23]} Kh8 {[%clk 00:22:50]}
{[%emt 00:00:09]} 36. f6 {[%clk 00:13:49]} {[%emt 00:00:18]} d4 {[%clk
00:22:32]} {[%emt 00:00:36]} 37. Rg6 {[%clk 00:13:00]} {[%emt 00:00:55]} Bc4
{[%clk 00:22:01]} {[%emt 00:00:45]} 38. Rxh6+ {[%clk 00:12:53]} {[%emt
00:00:16]} Kg8 {[%clk 00:22:05]} {[%emt 00:00:06]} 39. Ng5 {[%clk 00:12:28]}
{[%emt 00:00:31]} Rc7 {[%clk 00:20:43]} {[%emt 00:01:37]} 40. Rg6+ {[%clk
00:12:18]} {[%emt 00:00:17]} Kh8 {[%clk 00:20:24]} {[%emt 00:00:31]} 41. h6
{[%clk 00:11:57]} {[%emt 00:00:21]} d3 {[%clk 00:19:35]} {[%emt 00:01:10]} 42.
cxd3 {[%clk 00:11:59]} {[%emt 00:00:09]} Bd5 {[%clk 00:19:17]} {[%emt
00:00:28]} 43. Ne4 {[%clk 00:09:51]} {[%emt 00:02:14]} c4 {[%clk 00:18:17]}
{[%emt 00:01:15]} 44. Rg7 {[%clk 00:08:54]} {[%emt 00:01:06]} Rc8 {[%clk
00:17:20]} {[%emt 00:01:08]} 45. Re7 {[%clk 00:07:06]} {[%emt 00:01:53]} cxd3
{[%clk 00:15:19]} {[%emt 00:02:15]} 46. f7 {[%clk 00:06:14]} {[%emt 00:00:59]}
Bxf7 {[%clk 00:14:50]} {[%emt 00:00:42]} 47. Rxf7 {[%clk 00:06:16]} {[%emt
00:00:05]} Rc6 {[%clk 00:13:33]} {[%emt 00:01:31]} 48. Nf6 {[%clk 00:06:09]}
{[%emt 00:00:09]} Rc2+ {[%clk 00:13:24]} {[%emt 00:00:27]} 49. Ke3 {[%clk
00:06:14]} {[%emt 00:00:04]} Re2+ {[%emt 00:01:48]} 50. Kd4 Re4+ 1-0

[Event "PK Jeugd 2020 B"]
[Site "Eindhoven, Netherlands"]
[Date "????.??.??"]
[Round "2.5"]
[White "Bogouslavskii, Veronique"]
[Black "van Kuijk, Vadim"]
[Result "0-1"]
[WhiteElo "1527"]
[BlackElo "1697"]

1. d4 {[%clk 00:55:17]} {[%emt 00:00:02]} Nf6 {[%clk 00:55:06]} {[%emt
00:00:07]} 2. c4 {[%clk 00:55:06]} {[%emt 00:00:29]} e5 {[%clk 00:55:11]}
{[%emt 00:00:05]} 3. e3 {[%clk 00:55:08]} {[%emt 00:00:07]} exd4 {[%clk
00:50:46]} {[%emt 00:04:36]} 4. exd4 {[%clk 00:55:05]} {[%emt 00:00:14]} Bb4+
{[%clk 00:49:38]} {[%emt 00:01:17]} 5. Nc3 {[%clk 00:53:32]} {[%emt 00:01:43]}
O-O {[%clk 00:49:25]} {[%emt 00:00:23]} 6. Bg5 {[%clk 00:52:34]} {[%emt
00:01:08]} Re8+ {[%clk 00:48:40]} {[%emt 00:00:55]} 7. Be2 {[%clk 00:52:21]}
{[%emt 00:00:22]} d6 {[%clk 00:44:16]} {[%emt 00:04:35]} 8. Nf3 {[%clk
00:52:03]} {[%emt 00:00:28]} Qe7 {[%clk 00:43:53]} {[%emt 00:00:33]} 9. Bxf6
{[%clk 00:45:41]} {[%emt 00:06:32]} gxf6 {[%clk 00:42:30]} {[%emt 00:01:33]} 10.
Qd3 {[%clk 00:35:31]} {[%emt 00:10:20]} Bf5 {[%clk 00:40:48]} {[%emt 00:01:52]}
11. Qd2 {[%clk 00:34:22]} {[%emt 00:01:19]} Bg4 {[%clk 00:38:33]} {[%emt
00:02:25]} 12. O-O {[%clk 00:30:01]} {[%emt 00:04:32]} Nc6 {[%clk 00:27:17]}
{[%emt 00:11:26]} 13. Rfe1 {[%clk 00:25:15]} {[%emt 00:04:56]} Qd7 {[%clk
00:16:34]} {[%emt 00:10:54]} 14. Qh6 {[%clk 00:14:38]} {[%emt 00:10:46]} Bxf3
{[%clk 00:11:07]} {[%emt 00:05:38]} 15. Bd3 {[%clk 00:08:05]} {[%emt 00:06:43]}
f5 {[%clk 00:05:12]} {[%emt 00:06:05]} 16. Qg5+ {[%clk 00:06:59]} {[%emt
00:01:16]} Kf8 {[%clk 00:03:42]} {[%emt 00:01:40]} 17. Bxf5 {[%clk 00:06:33]}
{[%emt 00:00:36]} f6 {[%clk 00:03:50]} {[%emt 00:00:02]} 18. Qxf6+ {[%clk
00:02:33]} {[%emt 00:04:10]} Qf7 {[%clk 00:03:56]} {[%emt 00:00:04]} 19. Qxf7+
{[%clk 00:01:49]} {[%emt 00:00:55]} Kxf7 {[%clk 00:04:03]} {[%emt 00:00:03]} 20.
gxf3 {[%clk 00:01:47]} {[%emt 00:00:12]} Nxd4 {[%clk 00:03:50]} {[%emt
00:00:22]} 21. Bg4 {[%clk 00:00:58]} {[%emt 00:00:59]} Bxc3 {[%clk 00:03:24]}
{[%emt 00:00:36]} 22. bxc3 {[%clk 00:01:07]} {[%emt 00:00:02]} Ne2+ {[%clk
00:03:27]} {[%emt 00:00:07]} 23. Kf1 {[%clk 00:01:03]} {[%emt 00:00:12]} Nxc3
{[%clk 00:03:30]} {[%emt 00:00:09]} 24. Bh5+ {[%clk 00:01:12]} {[%emt
00:00:01]} Kf8 {[%clk 00:03:24]} {[%emt 00:00:15]} 25. Rxe8+ {[%clk 00:01:04]}
{[%emt 00:00:18]} Rxe8 {[%clk 00:03:32]} {[%emt 00:00:02]} 26. Bxe8 {[%clk
00:01:13]} {[%emt 00:00:01]} Kxe8 {[%clk 00:03:33]} {[%emt 00:00:09]} 27. Ke1
{[%clk 00:01:17]} {[%emt 00:00:05]} Na4 {[%clk 00:03:01]} {[%emt 00:00:42]} 28.
Rb1 {[%clk 00:00:58]} {[%emt 00:00:29]} b6 {[%clk 00:02:53]} {[%emt 00:00:20]}
29. Rb3 {[%clk 00:01:00]} {[%emt 00:00:08]} Nc5 {[%clk 00:02:39]} {[%emt
00:00:23]} 30. Ra3 {[%clk 00:00:42]} {[%emt 00:00:28]} a5 {[%clk 00:02:47]}
{[%emt 00:00:02]} 31. Re3+ {[%clk 00:00:51]} {[%emt 00:00:01]} Kf7 {[%clk
00:02:55]} {[%emt 00:00:02]} 32. Kd2 {[%clk 00:00:44]} {[%emt 00:00:17]} h5
{[%clk 00:01:10]} {[%emt 00:01:55]} 33. Re1 {[%clk 00:00:45]} {[%emt 00:00:10]}
Nd7 {[%clk 00:00:46]} {[%emt 00:00:33]} 34. Rg1 {[%clk 00:00:53]} {[%emt
00:00:01]} Ne5 {[%clk 00:00:54]} {[%emt 00:00:03]} 35. Ke2 {[%clk 00:00:26]}
{[%emt 00:02:48]} Nxc4 {[%clk 00:00:57]} {[%emt 00:12:22]} 36. Rg5 {[%clk
00:00:29]} Ne5 {[%clk 00:00:40]} 37. Rxh5 {[%clk 00:00:26]} Kg6 {[%clk
00:00:38]} 38. Rh4 {[%clk 00:00:25]} Kg5 {[%clk 00:00:28]} 39. Rh7 {[%clk
00:00:33]} c6 {[%clk 00:00:34]} 40. Rb7 {[%clk 00:00:27]} b5 {[%clk 00:00:36]}
41. Ra7 {[%clk 00:00:33]} a4 {[%clk 00:00:41]} 42. Ra8 {[%clk 00:00:36]} d5
{[%clk 00:00:28]} 43. Re8 {[%clk 00:00:40]} Nc4 {[%clk 00:00:24]} 44. Re6
{[%clk 00:00:35]} Na5 {[%clk 00:00:23]} 45. Re7 {[%clk 00:00:26]} Kf4 {[%clk
00:00:24]} 46. Rf7+ {[%clk 00:00:34]} Ke5 {[%clk 00:00:30]} 47. h4 {[%clk
00:00:42]} b4 {[%clk 00:00:30]} 48. Ra7 {[%clk 00:00:48]} b3 {[%clk 00:00:23]}
49. axb3 {[%clk 00:00:50]} axb3 {[%clk 00:00:24]} 50. Rxa5 b2 51. Rc5 {[%clk
00:00:56]} b1=Q {[%clk 00:00:41]} 52. Ke3 {[%clk 00:00:56]} Qe1+ {[%clk
00:00:45]} 53. Kd3 {[%clk 00:01:05]} Qd1+ {[%clk 00:00:49]} 54. Ke3 {[%clk
00:01:13]} Qd4+ {[%clk 00:00:56]} 55. Ke2 {[%clk 00:01:22]} Qxc5 {[%clk
00:01:04]} 56. Kf1 {[%clk 00:01:30]} Kf4 {[%clk 00:01:10]} 57. Kg2 {[%clk
00:01:39]} Qc3 {[%clk 00:01:15]} 58. Kf1 {[%clk 00:01:47]} Kxf3 {[%clk
00:01:22]} 59. h5 {[%clk 00:01:55]} Qc1# 0-1

[Event "PK Jeugd 2020 B"]
[Site "Eindhoven, Netherlands"]
[Date "????.??.??"]
[Round "2.6"]
[White "Labruyere, Roger"]
[Black "van Wijk, Justin"]
[Result "1-0"]
[WhiteElo "2069"]
[BlackElo "1178"]

1. d4 {[%clk 00:55:00]} {[%emt 00:00:19]} Nf6 {[%clk 00:54:46]} {[%emt
00:00:34]} 2. Nf3 {[%clk 00:55:04]} {[%emt 00:00:05]} d5 {[%clk 00:54:27]}
{[%emt 00:00:30]} 3. g3 {[%clk 00:55:08]} {[%emt 00:00:06]} g6 {[%clk
00:54:27]} {[%emt 00:00:10]} 4. Bg2 {[%clk 00:55:13]} {[%emt 00:00:04]} Bg7
{[%clk 00:54:30]} {[%emt 00:00:08]} 5. O-O {[%clk 00:55:18]} {[%emt 00:00:05]}
Nc6 {[%clk 00:54:24]} {[%emt 00:00:16]} 6. c4 {[%clk 00:55:00]} {[%emt
00:00:27]} dxc4 {[%clk 00:53:54]} {[%emt 00:00:40]} 7. Qa4 {[%clk 00:55:03]}
{[%emt 00:00:07]} Be6 {[%clk 00:53:33]} {[%emt 00:00:32]} 8. Ne5 {[%clk
00:55:06]} {[%emt 00:00:07]} O-O {[%clk 00:52:59]} {[%emt 00:00:44]} 9. Nxc6
{[%clk 00:55:00]} {[%emt 00:00:16]} Qd7 {[%clk 00:51:56]} {[%emt 00:01:13]} 10.
Nc3 {[%clk 00:54:52]} {[%emt 00:00:17]} Bd5 {[%clk 00:50:10]} {[%emt 00:01:57]}
11. Nxe7+ {[%clk 00:54:23]} {[%emt 00:00:39]} Qxe7 {[%clk 00:49:38]} {[%emt
00:00:41]} 12. Nxd5 {[%clk 00:54:24]} {[%emt 00:00:09]} Nxd5 {[%clk 00:47:05]}
{[%emt 00:02:44]} 13. Bxd5 {[%clk 00:54:28]} {[%emt 00:00:06]} Qxe2 {[%clk
00:46:50]} {[%emt 00:00:25]} 14. Qxc4 {[%clk 00:54:30]} {[%emt 00:00:08]} Qxc4
{[%clk 00:46:16]} {[%emt 00:00:43]} 15. Bxc4 {[%clk 00:54:38]} {[%emt
00:00:02]} Bxd4 {[%clk 00:46:14]} {[%emt 00:00:12]} 16. Bf4 {[%clk 00:54:12]}
{[%emt 00:00:35]} c5 {[%clk 00:46:12]} {[%emt 00:00:13]} 17. Be3 {[%clk
00:54:12]} {[%emt 00:00:10]} Rfd8 {[%clk 00:45:37]} {[%emt 00:00:45]} 18. Bxd4
{[%clk 00:54:14]} {[%emt 00:00:08]} cxd4 {[%clk 00:45:28]} {[%emt 00:00:18]} 19.
Rfd1 {[%clk 00:54:19]} {[%emt 00:00:05]} Rac8 {[%clk 00:44:57]} {[%emt
00:00:41]} 20. b3 {[%clk 00:54:20]} {[%emt 00:00:09]} a6 {[%clk 00:44:42]}
{[%emt 00:00:25]} 21. a4 {[%clk 00:54:25]} {[%emt 00:00:05]} Kg7 {[%clk
00:44:00]} {[%emt 00:00:52]} 22. Rd3 {[%clk 00:54:29]} {[%emt 00:00:06]} Rd6
{[%clk 00:43:52]} {[%emt 00:00:17]} 23. Re1 {[%clk 00:54:15]} {[%emt 00:00:24]}
Rc7 {[%clk 00:43:39]} {[%emt 00:00:23]} 24. Kg2 {[%clk 00:52:57]} {[%emt
00:01:27]} Rc5 {[%clk 00:43:13]} {[%emt 00:00:37]} 25. Re7 {[%clk 00:52:58]}
{[%emt 00:00:08]} Rf5 {[%clk 00:42:46]} {[%emt 00:00:36]} 26. Rxb7 {[%clk
00:53:02]} {[%emt 00:00:07]} a5 {[%clk 00:42:12]} {[%emt 00:00:45]} 27. Rb5
{[%clk 00:52:54]} {[%emt 00:00:17]} Rff6 {[%clk 00:41:15]} {[%emt 00:01:07]} 28.
Rxa5 {[%clk 00:52:52]} {[%emt 00:00:13]} h5 {[%clk 00:41:01]} {[%emt 00:00:23]}
29. Rd5 {[%clk 00:52:34]} {[%emt 00:00:28]} 1-0